00658nam a22001817a 450000500170000001000150001702000260003203500140005803700090007208200140008110000310009524501170012625000060024326000540024927001190030330000200042270000340044220250128153612.0 aENG-143647 a9789358704570c399.00 aEN-127179 bDBAD a006.3121 aMalu, Siddharth Savyasachi aMachine Learning With Python: bA Hands-on Introduction/cby Siddharth Savyasachi Malu [and] Sanjay Kumar Pandey a1 aNew DelhibS Chand and Company Limitedc2024(Rep) a A-27, 2nd Floor, Mohan Co-operative Industrial EstatebNew Delhie110044minfo@schandpublishing.comk011-49731800 a375p.c23cm(pb) aPandey, Sanjay Kumar eAuthor